Statistiques concernant meilleurs clubs formateur de football

Cliquez ici pour prendre le quiz!

Statistiques générales

  • Ce quiz a été pris 170 fois
  • Le résultat moyen est 10 sur 19

Statistiques - réponses

joueurs en activitésRéponse% Correct
38FC Barcelone
97%
34Olympique Lyonnais
97%
34Paris Saint Germain
95%
43Real Madrid
95%
19Manchester City
77%
28Manchester United
75%
23Chelsea FC
73%
23Arsenal FC
71%
23Stade rennais
55%
19AFC Ajax
54%
22AS Monaco
51%
20Atletico Madrid
40%
25Valencia CF
29%
24Sporting CP
27%
20Toulouse FC
12%
24Atalanta BC
10%
23Real Sociedad
10%
23Athletic Club
6%
20RCD Espanyol
1%

Distribution des résultats

Percentile par nombre de réponses

% des personnes avec chaque résultat

Votre développement - résultats

Vous n’avez pas pris ce quiz